| 000 | 01153cam a22003377a 4500 | ||
|---|---|---|---|
| 003 | CHAP | ||
| 005 | 20220329140304.0 | ||
| 008 | 971013s1987 r 00010 d | ||
| 010 | _a49812 | ||
| 011 | _a50784 | ||
| 035 | _a54934 | ||
| 040 | _cCHAP | ||
| 090 | _aTesis | ||
| 100 | 0 | 0 |
_aRoche Vaval, Jean Joseph Dominique Will. _998206 |
| 245 | 1 | 3 | _aLa eficiencia de las sociedades cooperativas de comercialización |
| 260 |
_aChapingo, Méx. ; El autor, _c1987 |
||
| 300 | _a(75 h.) | ||
| 502 | _aTesis (Ing. Agr. Esp. en Economía Agrícola) -- UACH. Departamento de Economía Agrícola | ||
| 590 |
_aALEPH _b10 _c20130110 _lUCH01 _h1323 |
||
| 590 |
_aBATCH-UPD _b10 _c20130110 _lUCH01 _h0659 |
||
| 590 |
_aBATCH-UPD _b10 _c20130410 _lUCH01 _h0344 |
||
| 590 |
_aBATCH-UPD _b10 _c20130914 _lUCH01 _h1813 |
||
| 590 |
_aCONVERSION _b10 _c20130109 _lUCH01 _h1327 |
||
| 650 | 1 | 4 |
_aMercadeo. _974880 |
| 650 | 1 | 4 |
_aProductos agrícolas _xMercadeo. _991951 |
| 650 | 1 | 4 |
_aSociedades cooperativas _xMéxico. _9108135 |
| 901 | _aBK | ||
| 942 | _cFOLL | ||
| 949 |
_bBC _cTES _d-120889 _eTS1 _h19737 _i54934 _si |
||
| 949 |
_bBC _cTES _d-120890 _eTS2 _fc.2 _h19739 _i54934 _si |
||
| 999 |
_c49812 _d49812 |
||